000 00540nam a2200181Ia 4500
003 IN-BaIIA
008 211028s9999 xx 000 0 eng d
020 _a0-7011-2314-1
040 _cIIA Library
080 _a52(091)
_bINS
245 0 _aIn search of ancient astronomies
_cedited by Krupp E. C
260 _aLondon
_bChatto and Windus
_c1979
300 _a277p.
650 _aAstronomy and astrophysics thesaurus
650 _aAstronomy-History
_9900
700 _aKrupp, E. C., ed.
_912414
942 _cBK
999 _c7256
_d7256